00375nam a2200133Ia 4500008004100000020001800041041000800059082001800067100003500085245006200120250000600182260004100188300001200229210716s2014 xx 000 0 und d a9788126521753 aeng a658.4038 MAGS aMagal, Simha R; Word, Jeffrey. aEssentials of business processes and information systems. a1 aNew DelhibWiley India Pvt Ltdc2014 axix,169